| 000 | 00972akm a2200325a 44500 | ||
|---|---|---|---|
| 008 | 960919s1995 cat | ||
| 041 | _acat | ||
| 110 |
_aConsorci per a la Normalització Lingüística. Servei Local de Català de Badia de Vallès _967004 |
||
| 245 | _aGaudim del parc | ||
| 245 | _cConsorci per a la Normalització Lingüística. Servei Local de Català de Badia de Vallès. | ||
| 245 | _h[cartell] | ||
| 260 | _aBadia del Vallès | ||
| 260 | _bAjuntament de Badia del Vallès. Regidoria de Cultura | ||
| 260 | _bConsorci per a la Normalització Lingüística | ||
| 260 | _c1995 | ||
| 300 | _bil. | ||
| 500 | _btermcat | ||
| 520 | _a21 | ||
| 591 | _a4879 | ||
| 592 | _aObra terminològica | ||
| 593 | _aHRE | ||
| 594 | _a4879 | ||
| 650 |
_ajardins _967006 |
||
| 650 |
_aparcs _967005 |
||
| 901 | _c[<1995>] | ||
| 902 | _a960919 | ||
| 942 |
_cMO _n0 |
||
| 999 |
_c55845 _d55845 |
||